000 00253nam a2200097Ia 4500
001 691588
005 20250826161838.0
008 250824s9999 xx 000 0 und d
245 0 _aGERİYE DÖNENLER
_cGÜLTEN DAYIOĞLU
260 _bALTIN KİTAPLAR YAYINLARI
999 _c691588
_d691588